00496nam a2200181Ia 450000500170000000800410001702000180005804100080007608200160008410000160010024500260011625000120014226000320015430000090018650000520019565000510024770000160029820230422170604.0230125s9999 xx 000 0 und d a9788130906997 aeng a920.71bMID aMiddleton J aGurus On E - Business a1st Ed. c2010bViva BooksaNew Delhi a224p aBiography;Collective biographies;Biography-Men  aBiography;Collective biographies;Biography-Men aMiddleton J